Statistics for Premier League Transfers 2017/2018

Click here to take the quiz!

General Stats

  • This quiz has been taken 314 times
  • The average score is 15 of 25

Answer Stats

Moving From:Moving To:Price (£M)Answer% Correct
EvertonManchester United£75Romelu Lukaku
96%
Tottenham HotspurManchester City£45Kyle Walker
93%
LyonArsenal£46.5Alexandre Lacazette
88%
MonacoManchester City£52Benjamin Mendy
85%
MonacoManchester City£43Bernardo Silva
85%
RomaLiverpool£34Mohamed Salah
75%
ArsenalLiverpool£35Alex Oxlade-Chamberlain
73%
Swansea CityEverton£45Gylfi Sigurðsson
73%
Leicester CityChelsea£35Danny Drinkwater
72%
ChelseaManchester United£40Nemanja Matić
72%
Real MadridChelsea£60Alvaro Morata
71%
MonacoChelsea£40Tiemoué Bakayoko
66%
BenficaManchester City£35Ederson
62%
AjaxTottenham Hotspur£42Davinson Sanchez
61%
BenficaManchester United£31Victor Lindelöf
51%
SunderlandEverton£25Jordan Pickford
43%
RomaChelsea£29Antonio Rüdiger
42%
Real MadridManchester City£26.5Danilo
41%
BurnleyEverton£25Michael Keane
41%
ChelseaBournemouth£20Nathan Aké
39%
Manchester CityLeicester City£25Kelechi Iheanacho
35%
LiverpoolCrystal Palace£26Mamadou Sakho
34%
Stoke CityWest Ham United£20Marko Arnautović
32%
Paris-Saint GermainTottenham Hotspur£23Serge Aurier
32%
AjaxEverton£23.6Davy Klaassen
24%

Score Distribution

Percentile by Number Answered

Percent of People with Each Score

Your Score History

You have not taken this quiz